Cargando...
ഏഴാം പക്കം /
| Autor Principal: | |
|---|---|
| Formato: | Printed Book |
| Idioma: | Malayalam |
| Publicado: |
കോഴിക്കോട്:
ഹരിതം ബുക്സ് ,
2007.
|
| Subjects: |
| LEADER | 00623nam a22001697a 4500 | ||
|---|---|---|---|
| 008 | 111204s2007 ii 000 f mal d | ||
| 041 | |a mal | ||
| 082 | |a 853.4S7 | ||
| 100 | 0 | |a സേതു, |9 1579980 |d 1942- | |
| 245 | |a ഏഴാം പക്കം / |c സേതു | ||
| 246 | |a Ezham pakkam | ||
| 260 | |a കോഴിക്കോട്: |b ഹരിതം ബുക്സ് , |c 2007. | ||
| 300 | |a 66 Pages | ||
| 653 | |a Novel | ||
| 942 | |c BK | ||
| 999 | |c 230929 |d 230929 | ||
| 952 | |0 0 |1 0 |2 ddc |4 0 |6 853_000000000000000_4S7_EZH |7 0 |9 255675 |a MAL |b MAL |c ST1 |d 2012-06-27 |g 40.00 |l 2 |o 853.4S7 EZH |p MAL31673 |r 2013-09-11 |s 2013-08-12 |w 2012-06-27 |y BK | ||